El Tractor

Bibliographic Details
Format: Section = Libro
Language:Undetermined
Spanish
Published: Madrid, España [s.e.] 1981
Edition:2a.ed.
Subjects:
LEADER 00440nam a2200181Ia 4500
008 240829s9999 xx 000 0 und d
020 |a 84-341-02056-6 
040 |a BIBLIOTECA-RUPAP 631.372 T759 
041 |a spa 
082 |a 631.372 T759 
245 1 0 |a El Tractor 
250 |a 2a.ed. 
260 |a Madrid, España  |b [s.e.]  |c 1981 
300 |a 158 p. :il. 
650 7 |a MOTORESMECANICA. I. Tít. 
942 |c BK  |2 ddc 
991 |a TEXTO 
999 |c 9854